000 00483nam a2200181Ia 4500
008 240428s9999||||xx |||||||||||||| ||und||
020 _a9781506336244
041 _aeng
082 _a004.1M
100 _aMachi, Lawrence A. - McEvoy, Brenda T.
245 4 _aThe Literature review : six steps to success
250 _a3rd
260 _bCorwin
_aCarlifonia
_c2016
300 _axix, 166p.: diags
650 _aResearch- Methodology- study and teachings
942 _cBK
999 _c14
_d14